00370nam a2200145Ia 450000500170000000800410001702000150005808200130007310000190008624500320010526000410013730000200017865000100019865000160020820250626025754.0240331s9999 xx 000 0 und d a9552063574 bSAMa362 aSamarasinghe,A 0aKanthawa ha kantha athawara aColombobS. Gogdage & Brothersc2003 a282 p ., ( C 2) aWomen aWomen Abuse